000 01077nam a2200289 a 4500
001 65104
003 BD-RjUL
005 20211209081404.0
008 170227s1963 onc b 001 0 eng
035 _a(BD-RjUL)65234
040 _aDLC
_cScCC
_dBD-RjUL
_beng
041 _aeng
082 _a971.038
_223
_bDUL 1963
100 1 _aDurham, John George Lambton,
_d1792-1840.
_9192856
245 1 0 _aLord Durham's report :
_ban abridgement of Report on the affairs of British North America /
_cby Lord Durham ; edited and with an introduction by G.M. Craig.
260 _aToronto :
_bMcClelland and Stewart,
_c1963.
300 _axii, 179 p. ;
_c19 cm.
490 0 _aCarleton library ;
_vno. 1
500 _aIncludes index
651 0 _aCanada
_xHistory
_yRebellion, 1837-1838.
_9192857
651 0 _aCanada
_xPolitics and government
_y1838-1841.
_9192858
651 0 _aQuébec (Province)
_xPolitics and government
_y19th century.
_9192859
700 1 _aCraig, Gerald M.
_9192860
830 _aCarleton library series.
_9192862
942 _2ddc
_cBK
999 _c65104
_d65104